| 000 | 01077 a2200217 4500 | ||
|---|---|---|---|
| 001 | 34880 | ||
| 005 | 20260407155634.0 | ||
| 008 | 260407a1973 arg spa d | ||
| 003 | AR-UNSa-BCEJYS | ||
| 040 |
_aAR-UNSa-BCEJYS _bspa _cAR-UNSa-BCEJYS |
||
| 080 |
_a657.312 _xTipo de presupuestos |
||
| 245 | 1 | 0 | _aGestiónn presupuestaria |
| 020 | _a84-234-0014-X | ||
| 264 | 1 |
_aBilbao : _bEdiciones Deusto _c1973 |
|
| 300 |
_a271 p. _c21 cm. |
||
| 505 | _a1. Generalidades - 2. El control presupuestario de las ventas - 3. El control presupuestario de la distribución - 4. El control presupuestario de la producción - 5. El control presupuestario de los aprovisionamientos - 6. El control presupuestario de las inversiones - 7. El control presupuestario de la tesoreria - 8. Organización general de la empresa y control presupuestario - 9. La política general de la empresa y los documentos de sintesis - 10. La puesta en marcha del control presupuestario. | ||
| 942 | _cBK | ||
| 590 | _aniveau_biblio:m niveau_hierar:0 | ||
| 100 | 1 | _aGil Castro, Pablo | |
| 700 | 1 | _aMeyer, J. | |
| 999 |
_c2501 _d2501 |
||